Szczegóły MARC21

Menedżer gastronomii : jak otworzyć i z sukcesem prowadzić lokal gastronomiczny. Cz. 2, Zaopatrzenie, kontrola kosztów i zysków, zarządzanie siecią lokali, zarządzanie personelem /

003 -Nazwa inst., której nr kontr. jest w polu 001 [,]
    • @
    • Nazwa instytucji, której n kontrolny jest w polu 001
    • NUKAT
005 -DATA I CZAS OSTATNIEJ MODYFIKACJI [,]
    • @
    • pole kontrolne
    • 20241231091329.0
020 -Międzynarod. znormalizowany nr książki - ISBN [ , ]
    • a
    • Numer ISBN
    • 9788393944842 Find
    • q
    • Dopowiedzenie
    • część 2
020 -Międzynarod. znormalizowany nr książki - ISBN [ , ]
    • a
    • Numer ISBN
    • 9788393944859 Find
    • q
    • Dopowiedzenie
    • komplet część 1 i 2
040 -Instytucja sporządzająca opis [ , ]
    • a
    • Instytucja, która sporządziła opis (NP)
    • OLSZT 003/DS
    • b
    • Język katalogowania
    • pol
    • e
    • Zasady katalogowania
    • rda
    • c
    • Instytucja, która sporządziła rekord (NP)
    • OLSZT 003/DSs
    • d
    • Instytucja, która zmodyfikowała rekord (P)
    • OLSZT 003/ISO
942 -Rodzaj dokumentu [ , ]
    • c
    • Rodzaj dokumentu
    • Książka
100 -Hasło główne - nazwa osobowa [1, ]
    • a
    • Nazwa osobowa (NP)
    • Mołoniewicz, Jan Marek.
    • e
    • Rodzaj współpracy
    • Autor
    • 9
    • KHW
    • 718458
245 -Strefa tytułu i oznaczenia odpowiedzialności [1,0]
    • a
    • Tytuł
    • Menedżer gastronomii : Find
    • b
    • Ciąg dalszy tytułu (NP)
    • jak otworzyć i z sukcesem prowadzić lokal gastronomiczny. Find
    • n
    • Oznaczenie części (P)
    • Cz. 2,
    • p
    • Nazwa części (P)
    • Zaopatrzenie, kontrola kosztów i zysków, zarządzanie siecią lokali, zarządzanie personelem /
    • c
    • Pozostałe elementy strefy tytułu i oznaczenia odpowiedzialności (NP)
    • Jan Marek Mołoniewicz.
250 -Strefa wydania [ , ]
    • a
    • Oznaczenie wydania (NP)
    • Wydanie II, [stan prawny na październik 2016 r.].
260 -Strefa adresu wydawniczego [ , ]
    • a
    • Miejsce wydania (P)
    • Warszawa :
    • b
    • Nazwa wydawcy (P)
    • Moja Consulting Jan Mołoniewicz,
    • c
    • Data wydania (P)
    • 2018.
300 -Strefa opisu fizycznego [ , ]
    • a
    • Określenie formy książki i/lub objętość (NP)
    • 190 stron :
    • b
    • Oznaczenie ilustracji (NP)
    • ilustracje ;
    • c
    • Format (NP)
    • 24 cm.
336 -Typ zawartości [ , ]
    • a
    • Termin opisujący typ zawartości
    • Tekst
    • b
    • Kod określający zawartość
    • txt
    • 2
    • Źródło (terminu i kodu)
    • rdacontent
337 -Typ mediów [ , ]
    • a
    • Tryb odtwarzania
    • Bez urządzenia pośredniczącego
    • b
    • Kod typu mediów
    • n
    • 2
    • Źródło (terminu i kodu)
    • rdamedia
338 -Typ/rodzaj nośnika [ , ]
    • a
    • Hasło opisujące typ nośnika
    • Wolumin
    • b
    • Kod typu nośnika
    • nc
    • 2
    • Źródło (terminu i kodu)
    • rdacarrier
500 -Uwaga ogólna [ , ]
    • a
    • Uwaga ogólna (NP)
    • Tytuł części z okładki.
500 -Uwaga ogólna [ , ]
    • a
    • Uwaga ogólna (NP)
    • Informacje o stanie prawnym ze strony 6.
650 -Hasło przedmiotowe [ ,7]
    • a
    • Hasło przedmiotowe
    • Gastronomia
    • x
    • Określnik rzeczowy
    • aspekt ekonomiczny
    • v
    • Określnik formalny
    • poradniki.
    • 2
    • Źródło terminu
    • kaba
650 -Hasło przedmiotowe [ ,7]
    • a
    • Hasło przedmiotowe
    • Gastronomia
    • x
    • Określnik rzeczowy
    • zarządzanie
    • v
    • Określnik formalny
    • poradniki.
    • 2
    • Źródło terminu
    • kaba
    • 9
    • KHW
    • 527491
650 -Hasło przedmiotowe [ ,7]
    • a
    • Hasło przedmiotowe
    • Restauracje
    • x
    • Określnik rzeczowy
    • zarządzanie
    • v
    • Określnik formalny
    • poradniki.
    • 2
    • Źródło terminu
    • kaba
710 -Hasło dodatkowe - nazwa ciała zbiorowego [2, ]
    • a
    • Nazwa ciała zbiorowego lub nazwa geograficzna jako pierwszy element (NP)
    • Moja Consulting Jan Mołoniewicz.
    • e
    • Rodzaj współpracy
    • Wydawca
    • 4
    • Kod relacji
    • pbl
    • 9
    • KHW
    • 718984
920 -ISBN [ , ]
    • a
    • ISBN
    • 978-83-939448-4-2 Find
    • q
    • Dopowiedzenie
    • część 2
920 -ISBN [ , ]
    • a
    • ISBN
    • 978-83-939448-5-9 Find
    • q
    • Dopowiedzenie
    • komplet część 1 i 2
Numer inwentarzowy Status udost. Lokalizacja Data inwentaryzacji
E.81374-2BE2024-01-09
S.98666-6BE2024-01-09
S.98667-6BE2024-01-09
S.98668-6BE2024-01-09